LEADER 01518nam a22002891i 4500 001 991003031329707536 005 20040514171700.0 008 040624s1986 it a||||||||||||||||ita 020 $a8878130745 035 $ab13013798-39ule_inst 035 $aARCHE-097147$9ExL 040 $aDip.to Beni Culturali$bita$cA.t.i. Arché s.c.r.l. Pandora Sicilia s.r.l. 082 04$a722.62 111 2 $aMostra su Architettura etrusca nel viterbese$d<1986 ;$cViterbo>$0488048 245 10$aArchitettura etrusca nel viterbese :$bricerche svedesi a San Giovenale e Acquarossa 1956-1986 : Viterbo Museo archeologico nazionale - Rocca Albornoz dal 19 settembre 1986 /$c[Massimo Pallottino] ... [et al.] 260 $aRoma :$bDe Luca,$cc1986 300 $a154 p., 15 p. di tav. :$bill. ;$c29 cm 500 $aCatalogo di una mostra realizzata a Viterbo nel 1986 500 $aIn testa al front.: Sotto l'alto patronato di S.M. Carlo XVI Gustavo, Re di Svezia [e di] Francesco Cossiga, Presidente della Repubblica Italiana 650 4$aArchitettura etrusca$zViterbo (Provincia)$xEsposizioni$xViterbo$y1986 700 1 $aPallottino, Massimo$eauthor$4http://id.loc.gov/vocabulary/relators/aut$06753 907 $a.b13013798$b02-04-14$c12-07-04 912 $a991003031329707536 945 $aLE001 AR XIII 25$g1$i2001000131235$lle001$nC. 1$o-$pE0.00$q-$rl$s- $t0$u0$v0$w0$x0$y.i13625883$z12-07-04 996 $aArchitettura etrusca nel viterbese$91449576 997 $aUNISALENTO 998 $ale001$b12-07-04$cm$da $e-$fita$git $h0$i1 LEADER 00962nas 2200385 c 450 001 9910131016103321 005 20260218111359.0 035 $a(CKB)3460000000080759 035 $a(OCoLC)61401872 035 $a(DE-101)027012247 035 $a(DE-599)ZDB2175630-2 035 $a(DE-599)2175630-2 035 $a(EXLCZ)993460000000080759 100 $a20050127a19979999 |y | 101 0 $aeng 135 $aur||||||||||| 181 $ctxt$2rdacontent 182 $cc$2rdamedia 183 $acr$2rdacarrier 200 10$aArchaeology Data Service news 210 31$aYork$cADS$d1997- 215 $aOnline-Ressource 311 08$a1368-0552 517 3 $aNews 517 1 $aADS online 517 1 $aADS news 608 $aZeitschrift$2gnd-content 676 $a930 801 0$b8999 801 1$bDE-101 801 2$b9999 906 $aJOURNAL 912 $a9910131016103321 996 $aArchaeology Data Service news$92063839 997 $aUNINA